| 000 | 00565nam a2200169 a 4500 | ||
|---|---|---|---|
| 005 | 20240925065409.0 | ||
| 008 | 991125s1970 ea 000 0 spa u | ||
| 035 | _aUPN01000045620 | ||
| 049 | _aF | ||
| 050 | 4 |
_aHX21 _bL4.68 |
|
| 100 | 1 |
_aLenin, Vladimir Ilich, _d1870-1924 |
|
| 245 | 1 | 1 |
_a¿Por qué la socialdemocracia debe declarar una guerra resuelta y sin cuartel a los socialistas-revolucionarios? : _baventurerismo revolucionario / _cV. I. Lenin. |
| 260 |
_aMoscú : _bProgreso, _c[197-?]. |
||
| 300 | _a30 p. | ||
| 650 | 4 |
_aSocialismo _97360 |
|
| 905 | _aLibro | ||
| 999 |
_c45620 _d45620 |
||